| 000 | 00703nam a2200217 a 4500 | ||
|---|---|---|---|
| 005 | 20240210063556.0 | ||
| 008 | 991125s1976 bar 000 0 spa u | ||
| 020 | _a8432003565 | ||
| 035 | _aUPN01000006157 | ||
| 049 | _aCG | ||
| 050 | 4 |
_aLB1105 _bP3.2 no.36 |
|
| 100 | 1 | _aLemay, Michel | |
| 245 | 1 | 3 |
_aEl cabecilla en los grupos de inadaptados / _cMichel Lemay ; tr. M. Villamuera de Castro. |
| 260 |
_aBarcelona, Esp. : _bPlaneta, _c1976. |
||
| 300 | _a200 p. | ||
| 440 | 0 |
_aPaideia. _pBiblioteca práctica de pedagogía, psicología y psicopatología de la infancia ; _v36 |
|
| 650 | 2 |
_aAdaptación (Psicología) _9404 |
|
| 650 | 4 |
_aLiderazgo _95345 |
|
| 650 | 4 |
_aPANDILLAS _912644 |
|
| 905 | _aLibro | ||
| 999 |
_c6157 _d6157 |
||